<?xml version="1.0" encoding="UTF-8"?>
<collection xmlns="http://www.loc.gov/MARC21/slim">
  <record>
    <leader>00000nam  2200000   4500</leader>
    <controlfield tag="001">INLIS000000000020733</controlfield>
    <controlfield tag="005">20250804115655</controlfield>
    <datafield tag="035" ind1="#" ind2="#">
      <subfield code="a">0010-0825000011</subfield>
    </datafield>
    <controlfield tag="007">ta</controlfield>
    <controlfield tag="008">250804################|##########|#|##</controlfield>
    <datafield tag="084" ind1="#" ind2="#">
      <subfield code="a">R 0140 PKN I 2024</subfield>
    </datafield>
    <datafield tag="100" ind1=" " ind2="#">
      <subfield code="a">Elfrida Herawati Siregar</subfield>
    </datafield>
    <datafield tag="245" ind1="1" ind2="#">
      <subfield code="a">Strategi Akselerasi Pengendalian Dan Evaluasi Pembinaan Iddeologi Pancasila /</subfield>
      <subfield code="c">Elfrida Herawati Siregar</subfield>
    </datafield>
    <datafield tag="250" ind1="#" ind2="#">
      <subfield code="a">1</subfield>
    </datafield>
    <datafield tag="260" ind1="#" ind2="#">
      <subfield code="a">Jakarta :</subfield>
      <subfield code="b">Pusbangkom Pimnas,</subfield>
      <subfield code="c">2024</subfield>
    </datafield>
    <datafield tag="300" ind1="#" ind2="#">
      <subfield code="a">100 :</subfield>
      <subfield code="b">ilus ;</subfield>
      <subfield code="c">29 x 21 x 1</subfield>
    </datafield>
    <datafield tag="650" ind1="#" ind2="4">
      <subfield code="a">Ideologi</subfield>
    </datafield>
    <datafield tag="520" ind1="#" ind2="#">
      <subfield code="a">Sesuai Peraturan Presiden (Perpres) No. 7 tahun 2020 tentang Badan&#13;
Pembinaan Ideologi Pancasila, Deputi Pengendalian dan Evaluasi mempunyai&#13;
tugas untuk melaksanakan pengendalian, pemantauan, dan evaluasi&#13;
implementasi kebijakan pembinaan ideologi Pancasila (PIP). Tujuan&#13;
dilakukannya pengendalian dan evaluasi adalah untuk memastikan kelancaran&#13;
pelaksanaan program/kegiatan serta untuk mendapatkan informasi tingkat&#13;
keberhasilan pelaksanaan perencanaan PIP sebagai umpan balik bagi rencana&#13;
program berikutnya yaitu Rencana Kerja Tahunan, Rencana Strategis BPIP, Peta Jalan dan Arah Kebijakan PIP. “ Strategi Akselerasi Pengendalian dan Evaluasi Program Pembinaan&#13;
Ideologi Pancasila” merupakan upaya untuk mengoptimalkan pelaksanaan&#13;
pengendalian dan evaluasi pembinaan ideologi Pancasila (PIP) yang sudah&#13;
terlaksana selama ini. Upaya tersebut berupa penyediaan sistem, pedoman&#13;
pelaksanaan sistem dan mekanisme kolaborasi implementasi sistem yang&#13;
ruang lingkupnya bersifat nasional. Sistem pengendalian dan evaluasi PIP menyangkut 3 subsistem yaitu&#13;
pemantauan, pengendalian dan evaluasi. Ketiga subsistem ini bergerak secara&#13;
siklus sehingga diperlukan suatu pedoman untuk memastikan agar pergerakan&#13;
tersebut berlangsung secara sistemik dan berkesinambungan.</subfield>
    </datafield>
    <datafield tag="856" ind1="#" ind2="#">
      <subfield code="a">Perpustakaan Pusat LAN</subfield>
    </datafield>
    <datafield tag="990" ind1="#" ind2="#">
      <subfield code="a">2024/1.2,2/A/0140</subfield>
    </datafield>
  </record>
</collection>
